Pháp lệnh xử lý vi phạm hành chính
Quy định chung, các biện pháp, hình thức, thẩm quyền, thủ tục xử phạt vi phạm hành chính. Những vấn đề về khiếu nại, tố cáo, điều khoản thi hành trong pháp lệnh xử lý vi phạm hành chính
保存先:
| フォーマット: | 図書 |
|---|---|
| 言語: | Undetermined |
| 出版事項: |
Hà Nội
Chính Trị Quốc Gia
1999
|
| 主題: | |
| タグ: |
タグ追加
タグなし, このレコードへの初めてのタグを付けませんか!
|
| Thư viện lưu trữ: | Trung tâm Học liệu Trường Đại học Cần Thơ |
|---|
| LEADER | 00797nam a2200181Ia 4500 | ||
|---|---|---|---|
| 001 | CTU_37521 | ||
| 008 | 210402s9999 xx 000 0 und d | ||
| 020 | |c 5500 | ||
| 082 | |a 342.06 | ||
| 082 | |b Ph109 | ||
| 245 | 0 | |a Pháp lệnh xử lý vi phạm hành chính | |
| 260 | |a Hà Nội | ||
| 260 | |b Chính Trị Quốc Gia | ||
| 260 | |c 1999 | ||
| 520 | |a Quy định chung, các biện pháp, hình thức, thẩm quyền, thủ tục xử phạt vi phạm hành chính. Những vấn đề về khiếu nại, tố cáo, điều khoản thi hành trong pháp lệnh xử lý vi phạm hành chính | ||
| 650 | |a Administrative law,Public administration | ||
| 904 | |i Minh, 000801 | ||
| 980 | |a Trung tâm Học liệu Trường Đại học Cần Thơ | ||